Analýza preskripcie HVLP (hromadne vyrábané liečivé prípravky) u detí predškolského veku

Bibliographic Details
Main Authors: Raková, M. (Author), Kolář, J. (Author), Žilínek, Viliam, 1954- (Author)
Format: Article
Language:Slovak
PhysicalDescription:Tab. 5, res. angl., slov., lit. 19 zázn. v angl., češ., slov.
ISSN:1335-0838
Subjects:

MARC

LEADER 00000nab a2200000 a 4500
001 vtls000607707
003 SK-MaSNL
005 20260304093111.0
008 250425c1996 xo 0 slo
015 |a SNBRB19rr/mm-uuuuu 
035 |a CL0607846 
035 |a urn:nbn:sk:snk-ab34s8 
035 |a (urnnbn)urn:nbn:sk:snk:ar-a05x4m 
035 |a (uuid)b56dac2d-6e47-417a-8c69-fef2a5d83f3a 
040 |a SNKBUCL  |b slo  |c SNKBUCL  |e AACR2 
041 0 |a slo 
044 |a xo  |c SK 
080 |a 615.03:616-053.2  |2 1981 
080 |a 616-053.2  |2 1981 
100 1 |a Raková, M.  |4 aut  |9 1126853 
245 1 0 |a Analýza preskripcie HVLP (hromadne vyrábané liečivé prípravky) u detí predškolského veku  |c M. Raková, J. Kolář, V. Žilínek 
300 |b Tab. 5, res. angl., slov., lit. 19 zázn. v angl., češ., slov. 
650 0 7 |a prípravky liečivé vyrábané hromadne  |2 snkbucl  |9 1387809 
650 0 7 |a deti predškolského veku  |2 snkbucl  |9 4103 
655 7 |a články z novín a časopisov  |2 snkbucl  |9 267496 
700 1 |a Kolář, J.  |4 aut  |9 950669 
700 1 |a Žilínek, Viliam,  |d 1954-  |4 aut  |9 161549 
773 0 |t Detský lekár  |g Roč. 3, č. 3 (1996), s. 35-38  |x 1335-0838 
850 |a Slovenská národná knižnica 
852 |a Slovenská národná knižnica 
954 |a odborná, vedecká literatúra pôvodná (slovenská)  |2 lita 
958 |a article27 
958 |a NB 
958 |a MI 
958 |a RK 
958 |a OND 
958 |a EUIPO 
992 |a RBX 
999 |c 2821621  |d 2823551